[Event "Baltic Zonal II Stage 2018"]
[Site "Palanga"]
[Date "2018.06.19"]
[Round "8"]
[White "Stremavicius, Titas"]
[Black "Ladva, Ottomar"]
[Result "1/2-1/2"]
[WhiteElo "2444"]
[BlackElo "2499"]
[Annotator "TA"]
[PlyCount "43"]
[EventDate "2018.??.??"]
[EventType "swiss"]
[EventCountry "LTU"]
[SourceTitle "playchess.com"]
[Source "ChessBase"]
[SourceQuality "1"]

{[%evp 25,43,0,8,0,0,0,0,0,0,0,6,1,10,12,7,0,6,6,26,27]} 1. d4 d5 2. c4 c6 3. cxd5 cxd5 4. Nc3 Nf6 5. Nf3 Nc6 6. Bf4 Bf5 7. e3 e6 8. Bd3 Bxd3 9. Qxd3 Bd6 10. Bxd6 Qxd6 11. O-O O-O 12. Rfc1 Rac8 13. h3 h6 {[#] LiveBook: 20 Games. D14: Slav Defence: Exchange variation with ...Bf5} 14. Qd1 $146 ({Predecessor:} 14. Nb5 Qb8 15. Nc3 Rfd8 16. Ne2 Rc7 17. Nd2 Rdc8 18. Rc3 Ne8 19. Rac1 Nd6 20. a3 Na5 21. b3 {½-½ (64) Fang,Y (2510)-Sandipan,C (2593) Danzhou 2016}) 14... Rfd8 15. Ne2 Ne4 {The position is equal.} 16. Rc2 Ne7 17. Rac1 Rxc2 18. Rxc2 Rc8 19. Rxc8+ Nxc8 20. Qc2 Nb6 21. b3 g5 22. Ne5 1/2-1/2

[Event "Baltic Zonal II Stage 2018"]
[Site "Palanga"]
[Date "2018.06.19"]
[Round "8"]
[White "Malisauskas, Vidmantas"]
[Black "Seeman, Tarvo"]
[Result "1-0"]
[WhiteElo "2422"]
[BlackElo "2425"]
[Annotator "TA"]
[PlyCount "69"]
[EventDate "2018.??.??"]
[EventType "swiss"]
[EventCountry "LTU"]
[SourceTitle "playchess.com"]
[Source "ChessBase"]
[SourceQuality "1"]

{[%evp 26,69,54,52,38,0,85,95,81,60,65,62,76,24,26,13,98,104,139,104,333,327,419,380,381,0,0,0,0,0,397,403,405,399,427,427,1510,1422,1273,1232,1264,939,844,449,629,79]} 1. Nf3 Nf6 2. c4 g6 3. Nc3 Bg7 4. d4 O-O 5. e4 d6 6. h3 e5 7. d5 a5 8. g4 {[%cal Bg2g4,Bg4g5][%mdl 32]} Na6 9. Be3 Bd7 10. Nd2 Nc5 11. Be2 {E90: King's Indian: Classical: Early deviations and 6 h3} a4 (11... c6 12. h4 cxd5 13. cxd5 Rc8 14. f3 a4 15. Rc1 b5 16. Kf2 b4 17. Ncb1 Ne8 18. h5 Bf6 19. Kg2 Bg5 {½-½ (41) Matlakov,M (2707)-Can,E (2589) Khanty-Mansiysk 2017 CBM 179 [Yermolinsky,A]}) 12. h4 {[%cal Bh3h4,Bh4h5][%mdl 32]} c6 13. g5 Ne8 14. h5 {LiveBook: 10 Games} cxd5 15. exd5 $146 ({Predecessor:} 15. cxd5 Nc7 16. Kf1 b5 17. b4 axb3 18. axb3 Rxa1 19. Qxa1 Qa8 {½-½ (32) Martinez Martin,D-Krzyzanowski,A (2320) ICCF email 2012}) 15... a3 (15... Bf5 $11) 16. b4 $16 {[%cal Bb2b4,Bb4c5][%mdl 32]} e4 17. bxc5 Bxc3 18. Rb1 $1 Bb2 19. Nxe4 (19. Qb3 $16) 19... Bf5 $11 20. Bd3 Bxe4 (20... dxc5 $1 $11 21. Nxc5 Nd6) 21. Bxe4 $16 {Hoping for hxg6.} dxc5 22. Qg4 Nd6 $2 (22... Qc7 $16) 23. hxg6 $1 $18 fxg6 24. Qe6+ $1 Rf7 {[#]} 25. Bxg6 $2 $40 {[%mdl 128] White attacks.} (25. Rxh7 $1 $18 {[%mdl 512]} Kxh7 26. Qxg6+ (26. Bxg6+ Kg7 $15) 26... Kh8 27. Ke2) 25... hxg6 $11 26. Qxg6+ Bg7 $1 {White must now prevent ...Qa5+.} 27. Kf1 ({Avoid the trap} 27. Bxc5 $2 Qe8+ 28. Qe6 Nxc4 $19) 27... Qe8 $2 {[%mdl 8192]} (27... Qd7 $11 {and Black has nothing to worry.} 28. Qh7+ (28. Bxc5 Qf5 $11) 28... Kf8) 28. Qh7+ $18 Kf8 {...Qxe3 is the strong threat.} 29. Bxc5 Qe5 30. Qg6 {White is clearly winning.} Ra6 (30... Rd8 $142 31. Rb6 Qc3) 31. Re1 {[%cal Bb1e1,Be1e4,Be4h4,Bh4h7][%mdl 32]} Qf4 {[#]} 32. Re4 $1 {[%cal Re4f4]} Qg3 33. Reh4 {White wants to mate with Rh8+!} Qe5 34. Rh7 Ke7 (34... Ke8 $142 35. R1h4 Qb2) 35. R1h6 $2 {Precision: White = 63%, Black = 20%.} (35. R1h3 $18 {and White stays clearly on top.} Kd8 36. Bxd6) 1-0

[Event "Baltic Zonal II Stage 2018"]
[Site "Palanga"]
[Date "2018.06.19"]
[Round "8"]
[White "Vedrickas, Tautvydas"]
[Black "Klabis, Rokas"]
[Result "1-0"]
[WhiteElo "2408"]
[BlackElo "2383"]
[Annotator "NA"]
[PlyCount "95"]
[EventDate "2018.??.??"]
[EventType "swiss"]
[EventCountry "LTU"]
[SourceTitle "playchess.com"]
[Source "ChessBase"]
[SourceQuality "1"]
[TimeControl "5400+30"]

1. d4 {[%emt 0:00:00]} Nf6 {[%emt 0:00:06]} 2. c4 {[%emt 0:00:00]} e6 {[%emt 0:00:04]} 3. Nf3 {[%emt 0:00:52]} Bb4+ {[%emt 0:00:24]} 4. Nbd2 {[%emt 0:00:32]} d5 {[%emt 0:00:52]} 5. Qa4+ {[%emt 0:01:03]} Nc6 {[%emt 0:00:38]} 6. a3 {[%emt 0:00:43]} Be7 {[%emt 0:06:54]} 7. e3 {[%emt 0:03:41]} O-O {[%emt 0:05:35] E11: Bogo-Indian} 8. b4 {[%emt 0:02:46]} Bd7 {[%emt 0:08:33]} 9. Qc2 {[%emt 0:05:24]} a5 {[%emt 0:06:17]} 10. b5 {[%emt 0:04:20]} Na7 {[%emt 0:00:13]} 11. Rb1 {[%emt 0:02:27]} dxc4 $1 {[%emt 0:03:13]} 12. Bxc4 {[%emt 0:00:19]} c6 {[%emt 0:00:14]} 13. b6 {[%emt 0:09:53]} Nb5 {[%emt 0:08:22]} 14. Qd3 $146 {[%emt 0:01:26]} ({Predecessor:} 14. a4 Na3 15. Bxa3 Bxa3 {0-1 (26) Dinstuhl,V (2409)-Nikolic,P (2638) Germany 2013}) 14... Nd5 {[%emt 0:01:36]} 15. Ne5 {[%emt 0:04:49]} Be8 {[%emt 0:06:40]} 16. O-O {[%emt 0:04:32]} Nxb6 {[%emt 0:07:03]} 17. Bb3 {[%emt 0:00:41]} Nd7 {[%emt 0:04:20]} 18. Nxd7 {[%emt 0:07:10]} Bxd7 {[%emt 0:00:42]} 19. Bc2 {[%emt 0:00:52]} g6 $11 {[%emt 0:01:04]} 20. e4 {[%emt 0:08:43]} e5 {[%emt 0:09:21]} 21. dxe5 {[%emt 0:04:43]} Be6 {[%emt 0:00:05]} 22. a4 {[%emt 0:01:10]} Nd4 {[%emt 0:06:19]} 23. Rxb7 {[%emt 0:03:36]} Bb4 {[%emt 0:10:57]} 24. Nf3 {[%emt 0:05:59]} Bc8 {[%emt 0:03:37]} 25. Rxf7 {[%emt 0:01:14]} Rxf7 {[%emt 0:02:42]} 26. Qxd4 {[%emt 0:02:22]} Qxd4 {[%emt 0:01:08]} 27. Nxd4 {[%emt 0:00:05]} Ba6 {[%emt 0:00:58]} 28. e6 {[%emt 0:03:00]} Re7 {[%emt 0:00:49]} 29. Bb3 {[%emt 0:05:10]} Bxf1 {[%emt 0:00:44]} 30. Kxf1 {[%emt 0:00:54]} c5 {[%emt 0:01:23]} 31. Ne2 {[%emt 0:05:27]} Rd8 {[%emt 0:01:25]} 32. f4 {[%emt 0:01:27]} Bd2 {[%emt 0:00:27]} 33. Bxd2 {[%emt 0:03:16]} Rxd2 {[%emt 0:00:04]} 34. f5 {[%emt 0:00:08]} gxf5 {[%emt 0:00:24]} 35. exf5 {[%emt 0:00:06]} Rxe2 {[%emt 0:01:39]} 36. Kxe2 {[%emt 0:00:24]} Kg7 {[%emt 0:00:03]} 37. Bd5 {[%emt 0:01:17]} Kf6 {[%emt 0:00:34]} 38. g4 {[%emt 0:00:08]} Ke5 {[%emt 0:00:39]} 39. Bc6 {[%emt 0:00:34]} h5 {[%emt 0:01:23]} 40. h3 {[%emt 0:00:31]} hxg4 {[%emt 0:00:25]} 41. hxg4 {[%emt 0:00:04]} c4 {[%emt 0:00:22]} 42. Kd2 {[%emt 0:02:55]} c3+ {[%emt 0:00:50]} 43. Kc2 {[%emt 0:00:39]} Kf6 {[%emt 0:00:23]} 44. Bb5 {[%emt 0:01:55]} Rc7 {[%emt 0:00:27]} 45. Bd7 {[%emt 0:00:30]} Rc4 {[%emt 0:01:02]} 46. g5+ {[%emt 0:00:11]} Ke7 {[%emt 0:00:09]} 47. f6+ {[%emt 0:00:32]} Kd6 {[%emt 0:00:03]} 48. Bb5 {[%emt 0:00:25]} 1-0

[Event "Baltic Zonal II Stage 2018"]
[Site "Palanga"]
[Date "2018.06.19"]
[Round "8"]
[White "Bernotas, Arturs"]
[Black "Miezis, Normunds"]
[Result "1-0"]
[WhiteElo "2407"]
[BlackElo "2468"]
[Annotator "TA"]
[PlyCount "109"]
[EventDate "2018.??.??"]
[EventType "swiss"]
[EventCountry "LTU"]
[SourceTitle "playchess.com"]
[Source "ChessBase"]
[SourceQuality "1"]

{[%evp 14,109,32,29,46,47,39,46,60,72,71,64,60,54,60,67,64,61,77,71,66,82,64,80,83,52,102,96,86,19,25,0,43,0,0,0,0,0,0,0,0,0,0,2,253,221,378,377,370,350,288,364,208,0,26,0,545,552,625,593,881,879,664,431,729,679,6033,9550,29970,29971,29974,29975,29975,29976,29975,29977,29979,29980,29980,29981,29981,29982,29982,29982,29982,29983,29983,29984,29984,29985,29987,29988,29988,29989,29989,29990,29990,29989]} 1. e4 c5 2. c3 d5 3. exd5 Qxd5 4. d4 Nf6 5. Nf3 Bg4 6. dxc5 Qxd1+ {B22: Sicilian: 2 c3} (6... Qxc5 7. h3 Bh5 8. Na3 a6 9. Be3 Qc7 10. Qa4+ Nbd7 11. Bf4 {½-½ (11) Zhigalko,S (2656)-Topalov,V (2813) Baku 2015}) 7. Kxd1 e5 8. b4 {LiveBook: 102 Games} a5 {White has an edge.} 9. h3 Bxf3+ 10. gxf3 axb4 11. Bb5+ $146 ({Reject} 11. cxb4 Nc6 $15) ({Predecessor:} 11. cxb4 Nc6 12. Bd2 O-O-O 13. a3 {½-½ (64) Petschar,K (2266)-Eisenbeiser,K (2000) Feffernitz 2015}) 11... Nc6 12. Bxc6+ $1 bxc6 13. cxb4 Nd5 14. Bd2 $1 Be7 15. a3 O-O 16. Kc2 Bh4 17. Rf1 f5 18. Nc3 Nc7 19. f4 e4 20. Kb3 Rfd8 21. Rad1 ({White should play} 21. Be3 $1 $16) 21... Rd3 $11 {White must now prevent ...Bf6.} 22. Bc1 Rxh3 (22... Rf3 $5 {[%cal Rc7b5]} 23. Be3 Bxf2 24. Rxf2 (24. Bxf2 Nb5 $11) 24... Rxe3 $17) 23. Be3 Bxf2 $1 24. Bxf2 Nb5 25. Be1 $1 {aiming for a4.} Rxa3+ 26. Kb2 Raxc3 27. Bxc3 Rxc3 {[%mdl 4096] Endgame KRR-KRN} 28. Rg1 {Hoping for Rd7.} g6 $2 {[%mdl 8192] [#]} (28... Rc4 $11) 29. Rd7 $1 $18 Rh3 $2 (29... Ra3 30. Rh1 Ra4) 30. Ra1 {[%cal Ra1a8]} Rh2+ 31. Kb3 {[%cal Ra1a8]} Rh3+ {[#]} 32. Ka4 $1 Rd3 (32... Kf8 $142 33. Ka5 Ke8) 33. Rb7 $2 (33. Rxd3 $18 {Rd7 would kill now.} exd3 34. Ka5) 33... Nd4 {Black wants to play ...e3.} 34. Rh1 Ne6 $2 {[%mdl 8192]} (34... e3 $1 $11 {and Black is okay.}) 35. Rhxh7 Rd8 36. Rhe7 Nxf4 37. b5 Ra8+ 38. Ra7 {[%cal Ra7a8]} cxb5+ (38... Rxa7+ $142 39. Rxa7 cxb5+ 40. Kxb5 Ne6) 39. Kxb5 {[%cal Ra7a8]} Rxa7 40. Rxa7 {KR-KN} Ne6 41. c6 {White mates.} f4 42. Re7 Nd4+ 43. Kc5 Nxc6 44. Kxc6 g5 45. Rxe4 {KR-KPP} Kf7 46. Kd5 Kf6 47. Re8 Kf5 48. Rf8+ Kg4 49. Ke4 Kg3 50. Rf5 Kg4 51. Ra5 f3 52. Rf5 f2 53. Rxf2 Kg3 54. Ra2 g4 55. Ra3+ {Precision: White = 80%, Black = 49%.} 1-0

[Event "Baltic Zonal II Stage 2018"]
[Site "Palanga"]
[Date "2018.06.19"]
[Round "8"]
[White "Samolins, Vitalijs"]
[Black "Chukavin, Kirill"]
[Result "1/2-1/2"]
[WhiteElo "2406"]
[BlackElo "2256"]
[Annotator "NA"]
[PlyCount "51"]
[EventDate "2018.??.??"]
[EventType "swiss"]
[EventCountry "LTU"]
[SourceTitle "playchess.com"]
[Source "ChessBase"]
[SourceQuality "1"]
[TimeControl "5400+30"]

1. e4 {[%emt 0:00:00]} c5 {[%emt 0:00:23]} 2. Nf3 {[%emt 0:00:00]} e6 {[%emt 0:01:12]} 3. d4 {[%emt 0:00:25]} cxd4 {[%emt 0:00:07]} 4. Nxd4 {[%emt 0:00:06]} Nf6 {[%emt 0:00:53]} 5. Nc3 {[%emt 0:00:54]} d6 {[%emt 0:01:18]} 6. g4 {[%emt 0:01:14]} e5 {[%emt 0:03:21]} 7. Bb5+ {[%emt 0:00:43]} Bd7 {[%emt 0:01:17]} 8. Bxd7+ {[%emt 0:00:14]} Qxd7 {[%emt 0:00:23]} 9. Nf5 {[%emt 0:00:10]} h5 {[%emt 0:00:28]} 10. gxh5 {[%emt 0:01:31]} Nxh5 {[%emt 0:00:49]} 11. Ng3 {[%emt 0:02:56]} g6 {[%emt 0:12:04]} 12. Nd5 {[%emt 0:04:58]} Be7 {[%emt 0:02:52]} 13. h4 {[%emt 0:02:44]} Na6 $14 {[%emt 0:03:13]} 14. Bg5 {[%emt 0:32:57]} Nxg3 {[%emt 0:25:34]} 15. Bxe7 {[%emt 0:00:13]} Nh5 {[%emt 0:06:45]} 16. c3 {[%emt 0:22:06]} Nc7 {[%emt 0:03:45]} 17. Nf6+ {[%emt 0:01:27]} Nxf6 {[%emt 0:00:52]} 18. Bxf6 {[%emt 0:00:01]} Rh5 {[%emt 0:03:07]} 19. Qf3 {[%emt 0:03:35]} Ne6 {[%emt 0:05:02]} 20. O-O-O {[%emt 0:01:53]} Rc8 {[%emt 0:00:29]} 21. Kb1 {[%emt 0:01:06]} Rc6 {[%emt 0:03:01]} 22. Rd2 {[%emt 0:02:54]} Nf8 {[%emt 0:08:02]} 23. Bg5 {[%emt 0:05:21]} Ne6 {[%emt 0:00:46]} 24. Bf6 {[%emt 0:04:34]} Nf8 {[%emt 0:00:11]} 25. Bg5 {[%emt 0:00:51]} Ne6 {[%emt 0:00:22]} 26. Bf6 {[%emt 0:01:06]} 1/2-1/2

[Event "Baltic Zonal II Stage 2018"]
[Site "Palanga"]
[Date "2018.06.19"]
[Round "8"]
[White "Haavamae, Henrik"]
[Black "Kanep, Meelis"]
[Result "0-1"]
[WhiteElo "2209"]
[BlackElo "2454"]
[Annotator "TA"]
[PlyCount "92"]
[EventDate "2018.??.??"]
[EventType "swiss"]
[EventCountry "LTU"]
[SourceTitle "playchess.com"]
[Source "ChessBase"]
[SourceQuality "1"]

{[%evp 18,92,-8,-28,-23,-52,-60,-62,-62,-58,-50,-49,-54,-66,-16,-60,-50,-61,-53,-62,-10,-18,0,-11,27,-18,-16,-34,-23,-33,-25,-39,-23,-63,-13,-16,0,-39,0,-32,-52,-65,-51,-123,-98,-307,-239,-234,-246,-246,-246,-280,-206,-258,-251,-250,-236,-327,-295,-412,-403,-568,-550,-894,-889,-797,-811,-1358,-1368,-5102,-5077,-29983,-29983,-29980,-29978,-29981,-29981]} 1. e4 c5 2. Nf3 d6 3. d4 cxd4 4. Nxd4 Nf6 5. Nc3 Nc6 6. Bg5 e6 7. Qd2 a6 8. f4 h6 9. Bxf6 Qxf6 10. Nf3 g5 $1 {B66: Sizilianisch (Richter/Rauser-Angriff)} 11. fxg5 hxg5 12. Qxg5 Qxg5 {Schwarz steht etwas besser.} 13. Nxg5 b5 (13... Ne5 14. Nf3 Nxf3+ 15. gxf3 Bh6 16. Bd3 Bd7 17. Ke2 Bg5 18. Rag1 {0-1 (53) Strohhaeker,R (2435)-Jakubiec,A (2503) Germany 2018}) 14. Nf3 Bb7 {[%mdl 1024] Schwarz hat Kompensation.} 15. O-O-O Rc8 $146 ({Vorgänger:} 15... Ke7 16. Kb1 Bg7 17. Bd3 Ne5 18. Ne2 {0-1 (47) Andrenko,I (2253)-Gaponenko,I (2393) Kiev 2013}) 16. Bd3 Bg7 17. Ne2 Ke7 18. Kb1 Na5 ({Günstiger ist} 18... Ne5 $15) 19. Ned4 $11 Nc4 20. Rde1 Rh6 21. h4 (21. c3 {feels hotter.} Ne5 22. Bc2 Ng4 23. h3 Ne5 24. Re2) 21... Ne5 22. Nxe5 Bxe5 23. Nf3 Bg3 24. Ref1 Rg8 25. Rh3 {Weiss will Sg5 spielen.} f6 26. h5 Rg4 27. Rfh1 Kf7 28. a4 bxa4 29. c3 Bf2 30. Rf1 (30. R1h2 $15) 30... Rxg2 $17 31. Nh4 $2 {[#]} (31. Rh2 $17 {war einen Versuch wert.} Rxh2 32. Nxh2) 31... Rg3 32. Rxg3 Bxg3 33. Nf3 Rxh5 34. Rg1 Be5 35. Ka2 Rh3 36. Rf1 {Droht stark Sg5+.} Ke7 37. Ka3 {[#]} f5 $1 38. Nxe5 (38. exf5 Bxf3) 38... dxe5 $19 {[%mdl 4096] Endspiel KTL-KTL} 39. Bc4 (39. Bb1 $142 f4 40. Kxa4) 39... Bxe4 40. Kxa4 Bd3 41. Bxd3 Rxd3 {KT-KT} 42. Ka5 e4 {[%cal Be5e4,Be4e3,Be3e2][%mdl 32]} 43. Kxa6 e3 44. c4 e2 {Schwarz setzt Matt.} 45. Re1 Rd2 46. b4 f4 {Precision: Weiß = 24%, Schwarz = 68%.} 0-1

[Event "Baltic Zonal II Stage 2018"]
[Site "Palanga"]
[Date "2018.06.19"]
[Round "8"]
[White "Pedoson, Georg Aleksander"]
[Black "Rozentalis, Eduardas"]
[Result "0-1"]
[WhiteElo "2125"]
[BlackElo "2519"]
[Annotator "TA"]
[PlyCount "106"]
[EventDate "2018.??.??"]
[EventType "swiss"]
[EventCountry "LTU"]
[SourceTitle "playchess.com"]
[Source "ChessBase"]
[SourceQuality "1"]

{[%evp 11,106,27,43,24,28,0,17,-1,0,-8,6,-40,-54,-65,38,45,26,28,93,108,93,-21,-19,-27,-20,-44,-48,-57,-50,-181,-177,-175,-152,-172,-161,-252,-146,-161,-122,-141,-119,-231,-204,-245,-231,-234,-191,-264,-252,-304,-298,-385,-383,-372,-310,-316,-322,-484,-482,-532,-525,-517,-495,-612,-626,-766,-756,-756,-748,-808,-837,-704,-593,-817,-792,-762,-655,-702,-670,-5073,-3198,-1503,-1549,-1540,-681,-29949,-7827,-29970,-29971,-29969,-29969,-29963,-29964,-29956,-29957,-5393,-1695]} 1. c4 e6 2. Nc3 b6 3. d4 Bb7 4. e4 Bb4 5. Bd3 f5 6. f3 Ne7 {LiveBook: 9 Games. A40: Unusual replies to 1 d4} 7. Nge2 fxe4 8. fxe4 {Hoping for 0-0.} O-O {The position is equal.} 9. Bg5 $146 ({Predecessor:} 9. Be3 e5 10. d5 Na6 11. Qd2 Nc5 12. Bc2 Nc8 13. a3 Bxc3 14. Qxc3 {½-½ (41) Onischuk,A (2660)-Nakamura,H (2775) Saint Louis 2012}) 9... Nbc6 10. Qc2 e5 11. O-O-O {next d5 is good for White.} (11. d5 $5 {[%cal Rd5c6]} Nd4 12. Nxd4 exd4 13. a3 $11) 11... h6 12. Bh4 Nxd4 ({Black should try} 12... exd4 $15 13. Nd5 Bd6) 13. Nxd4 $14 exd4 14. Nd5 Bxd5 (14... Bd6 $1 $11 {keeps the balance.}) 15. exd5 $16 Qe8 {[#]} 16. Rhf1 (16. g4 $1 $16) 16... Qh5 $36 {[%mdl 2048] Black fights for an advantage.} 17. Bg3 Bd6 18. Bxd6 cxd6 19. Kb1 Qxh2 20. Qa4 (20. Rde1 $15 Rxf1 21. Rxf1) 20... Rxf1 $19 (20... Qxg2 21. Qxd7 Rxf1 22. Rxf1 $16) 21. Rxf1 Rf8 {aiming for ...Rxf1+.} (21... Qxg2 22. Qxd7 Qd2 23. Qe6+ Kh8 24. Qe4 $16) 22. Rd1 {[#]} Qh5 $1 (22... Qxg2 23. Qxd7 Qf3 24. Rd2 $15) 23. Re1 (23. Rd2 $142) 23... Ng6 (23... Qh4 $19 24. Re2 Qg3) 24. Qxd7 $17 Ne5 25. Qe6+ Qf7 26. Be4 (26. Rxe5 $17 dxe5 27. Qxe5) 26... d3 ({Weaker is} 26... Nxc4 27. Bg6 $11) 27. Rd1 Qxe6 ({And not} 27... Nxc4 28. Bxd3 Qxe6 29. dxe6 $11) 28. dxe6 $19 {[%mdl 4096] Endgame KRB-KRN} Rf4 ({Worse is} 28... Nxc4 29. Bd5 $16) 29. Bd5 (29. Bxd3 $142 Kf8 30. b3) 29... Kf8 30. b3 Rf2 31. a4 a5 32. Kc1 Ke7 33. Rd2 Rf1+ 34. Kb2 (34. Rd1 $142 Rf4 35. Rd2) 34... h5 {[%cal Bh6h5,Bh5h4][%mdl 32]} 35. Kc3 h4 36. Rb2 g5 37. b4 Rc1+ 38. Kd2 {[#]} Rc2+ $1 {[%mdl 512]} 39. Rxc2 dxc2 40. bxa5 bxa5 41. Kxc2 {KB-KN} Ng6 42. Kd2 Nf4 43. Ke3 Nxe6 44. Kf3 Kf6 45. g3 hxg3 46. Kxg3 Nc5 47. Bc6 Nd3 48. Bd7 Ne5 49. Bb5 Kf5 50. Ba6 Ke4 51. Bb5 Kd4 52. Ba6 Nxc4 53. Kg4 Nb2 {Precision: White = 20%, Black = 75%.} (53... d5 $142 54. Bb7 Kc3) 0-1

[Event "Baltic Zonal II Stage 2018"]
[Site "Palanga"]
[Date "2018.06.20"]
[Round "9"]
[White "Kovalenko, Igor"]
[Black "Malisauskas, Vidmantas"]
[Result "0-1"]
[WhiteElo "2632"]
[BlackElo "2422"]
[Annotator "TA"]
[PlyCount "118"]
[EventDate "2018.??.??"]
[EventType "swiss"]
[EventCountry "LTU"]
[SourceTitle "playchess.com"]
[Source "ChessBase"]
[SourceQuality "1"]

{[%evp 20,118,29,28,36,15,22,0,0,-7,0,0,0,-8,-8,-37,-18,-18,-8,-20,0,-2,0,-8,0,0,0,0,0,0,0,0,0,0,0,0,0,0,0,0,0,0,0,-125,-114,-151,-147,-150,-149,-166,-166,-166,-166,-178,-171,-218,-212,-212,-203,-243,-255,-247,-259,-252,-211,-255,-270,-247,-237,-329,-310,-307,-273,-329,-329,-321,-312,-352,-347,-322,-333,-289,-259,-570,-558,-727,-720,-686,-635,-605,-553,-675,-621,-12845,-12846,-12847,-12847,-12851,-29976,-12851,-29979]} 1. e4 c6 2. d4 d5 3. e5 Bf5 4. h4 h5 5. c4 e6 6. Nc3 Nd7 7. cxd5 cxd5 8. Bd3 {B12: Caro-Kann: Advance Variation} Bxd3 9. Qxd3 Ne7 10. Nf3 Nb8 11. Bg5 {LiveBook: 3 Games. Black must now prevent Nb5.} Qd7 12. Rc1 (12. O-O Nbc6 13. Rfc1 Nf5 14. Na4 b6 15. Nc3 Rc8 {1-0 (48) Alekseev,E (2691)-Iturrizaga Bonelli,E (2609) Khanty-Mansiysk 2010}) 12... Nbc6 13. O-O Nf5 14. Rfd1 $146 ({Predecessor:} 14. Nd1 Be7 15. Ne3 Bxg5 {½-½ (15) Kislik,E (2380)-Lizak,P (2418) Budapest 2012}) 14... Be7 15. Bxe7 Ncxe7 16. Qb5 Rc8 17. Kf1 Rc6 18. Qa4 a6 19. Qb3 Qc7 20. Ne2 O-O 21. g3 Rc8 22. Rxc6 Nxc6 23. Rc1 Qd7 24. Qb6 Nce7 25. Rc3 Rxc3 26. bxc3 g6 27. Ne1 Qa4 28. Qb1 b5 29. Nd3 Nc6 30. Ke1 a5 31. Nc5 (31. Qb3 $11) 31... Qc4 $17 32. Qb3 {[#]} Nxe5 $1 {[%mdl 512]} 33. Qxc4 (33. dxe5 Qxc5) 33... Nxc4 {[%mdl 4096] Endgame KNN-KNN} 34. Kd1 Kf8 35. Kc2 Ke7 36. Nd3 Kd6 37. Ng1 f6 {[%cal Bf7f6,Bf6e5][%mdl 32]} 38. Nf4 Ne7 39. Nf3 e5 40. dxe5+ fxe5 41. Ne2 Kc5 42. Ng5 b4 43. Ne6+ Kb5 44. Kb3 Nd2+ 45. Kc2 Ne4 46. cxb4 Nxf2 ({Weaker is} 46... Kxb4 47. f3 $19) 47. bxa5 Kxa5 48. Nf8 Kb4 49. Nd7 Nc6 50. Kd2 d4 51. Nf8 $2 (51. Nxe5 Ne4+ 52. Kd3 Nc5+ 53. Kd2 Nxe5 54. Nxd4) 51... Ne4+ $19 52. Ke1 d3 {Hoping for ...Na5.} 53. Nxg6 dxe2 54. Kxe2 Kc4 55. Ke3 Kd5 56. Nf4+ exf4+ 57. Kxf4 {[#]} Nxg3 $1 58. Kxg3 Ke4 59. a4 Ke3 {Precision: White = 41%, Black = 74%.} (59... Na5 $19 60. Kh2 Kf3) 0-1